| 000 | 00562cam a22002291 4500 | ||
|---|---|---|---|
| 001 | sa 68017967 | ||
| 003 | DLC | ||
| 005 | 20260227112707.0 | ||
| 008 | 890727s1966 ce 000 0 sino | ||
| 010 | _asa 68017967 | ||
| 035 | _a(OCoLC)20081613 | ||
| 040 |
_aDLC _cWaU _dDLC |
||
| 042 | _apremarc | ||
| 050 | 0 | 0 |
_aBJ1289 _b.S64 |
| 100 | 1 |
_aSomaratne, Dambore, _d1901- |
|
| 245 | 1 | 0 | _aDharmadvīpaya. |
| 260 | _c[1966] | ||
| 300 |
_aiv, ii, 300 p. _c19 cm. |
||
| 500 | _aIn Sinhalese. | ||
| 650 | 0 | _aBuddhist ethics. | |
| 700 | 1 | _aIndaratana, Māgummana. | |
| 999 |
_c88097 _d88097 |
||